| 000 | 00656nam a22002297a 4500 | ||
|---|---|---|---|
| 003 | OSt | ||
| 005 | 20140310182258.0 | ||
| 008 | 121114t xxu||||| |||| 00| 0 eng d | ||
| 020 | _a0439978831 | ||
| 050 |
_aPZ 7 _b.W873 2002 |
||
| 082 |
_aFIC _bW85v 2002 |
||
| 100 |
_aWood, Patrick _920470 |
||
| 245 |
_aViaduct child / _cPatrick Wood |
||
| 260 |
_aLondon : _bScholastic Ltd. _c2002. |
||
| 300 |
_a255 p. ; _b20 cm. |
||
| 650 |
_aOrphans--England--London, Fiction 2. _920471 |
||
| 650 |
_aRailroads _xLondon, Fiction _xEngland _920472 |
||
| 650 |
_aDystopias _920473 |
||
| 650 |
_aYoung adult fiction _920474 |
||
| 942 |
_2lcc _cBK-FIC |
||
| 999 |
_c11519 _d11519 |
||